Enrique VIII : todo es verdad /

Enrique VIII o Todo es verdad fue escrito alrededor del año 1613, y pertenece a la última etapa de creación de William Shakespeare. Por las fechas de sus puestas, atestiguadas en documentos, podemos sospechar que fue compuesto para conmemorar el décimo aniversario de la muerte de Isabel I, hija de E...

Full description

Bibliographic Details
Main Author: Shakespeare, William 1564-1616
Format: Libro
Language:Spanish
Published: Buenos Aires Losada 2008
Series:Clásico Losada 734
Subjects:
Online Access:

MARC

LEADER 00000cam a2200000 a 4500
001 021062
003 UAHC_CL
005 20170803121942.0
008 121002s2008 ag 000 d spa
020 |a 9789500307567 
040 |a UAHC_CL  |c UAHC_CL  |d UAHC_CL 
082 0 4 |a 822.33  |b S527  |2 20 
100 1 |a Shakespeare, William  |d 1564-1616 
245 1 0 |a Enrique VIII :  |b todo es verdad /  |c William Shakespeare. 
260 |b Losada  |a Buenos Aires  |c 2008 
300 |a 232 p. 
490 0 |a Clásico Losada  |v 734 
520 |a Enrique VIII o Todo es verdad fue escrito alrededor del año 1613, y pertenece a la última etapa de creación de William Shakespeare. Por las fechas de sus puestas, atestiguadas en documentos, podemos sospechar que fue compuesto para conmemorar el décimo aniversario de la muerte de Isabel I, hija de Enrique VIII. La versión más antigua del texto que nos ha legado la historia, como sucede con casi todas sus últimas piezas, es la publicación en el primer in folio, primera recopilación de las obras completas de Shakespeare.\La obra presenta un ámbito de reconciliación característico de las piezas del último período shakespeariano, reconciliación que asienta la paz en el reino, como una postrera aproximación del autor a la historia inglesa, porque con Enrique VIII se implanta en Inglaterra, no sólo el inicio de una clara estabilidad política, sino también el ingreso del reino en la modernidad. 
650 4 |a DRAMAS INGLESES 
653 |a ACTUACION TEATRAL 
900 |a 822.33 SHAW 
942 |c BK 
952 |0 0  |1 0  |4 0  |6 822_330000000000000_SHAW  |7 0  |8 General  |9 41991  |a BS  |b BS  |c General  |d 2017-08-03  |l 0  |o 822.33 SHAW  |p 1401572  |r 2025-11-26 00:00:00  |t 1  |w 2017-08-03  |y BK 
952 |0 0  |1 0  |4 0  |6 822_330000000000000_SHAW  |7 0  |8 General  |9 41992  |a BS  |b BS  |c General  |d 2017-08-03  |l 0  |o 822.33 SHAW  |p 1401573  |r 2025-11-26 00:00:00  |t 2  |w 2017-08-03  |y BK 
999 |c 21062  |d 21062